<?xml version="1.0" encoding="UTF-8"?>
<marc:record xmlns:marc="http://www.loc.gov/MARC21/slim">
   <marc:leader>00000nam a2200000 a 4500</marc:leader>
   <marc:datafield ind1="1" ind2=" " tag="100">
      <marc:subfield code="a">Hirschl, Elias</marc:subfield>
      <marc:subfield code="4">aut</marc:subfield>
      <marc:subfield code="e">Verfasser/-in</marc:subfield>
   </marc:datafield>
   <marc:datafield ind1="0" ind2="0" tag="245">
      <marc:subfield code="a">Salonfähig</marc:subfield>
   </marc:datafield>
   <marc:datafield ind1="0" ind2="0" tag="245">
      <marc:subfield code="b">Roman</marc:subfield>
   </marc:datafield>
   <marc:datafield ind1=" " ind2="1" tag="264">
      <marc:subfield code="b">Paul Zsolnay Verlag</marc:subfield>
      <marc:subfield code="c">2021</marc:subfield>
   </marc:datafield>
   <marc:datafield ind1="1" ind2=" " tag="520">
      <marc:subfield code="a">Stundenlang übt er vor dem Spiegel seinen Gang, sein Lächeln, seine Art zu sprechen. Julius Varga, der Parteichef, ist das ganz große Idol des namenlosen Erzählers. "Ich gebe mich für dich auf, Julius. Ich liebe dich." In seiner Abwesenheit gießt er seine Zimmerpflanzen, als ob dies ein Staatsakt wäre. Auf einer unteren Ebene dient der Erzähler der Partei und eifert seinem Vorbild nach. Er ist besessen von Marken und Äußerlichkeiten und der Ästhetik von Terroranschlägen. Das wahnwitzige Porträt der Generation Slim Fit</marc:subfield>
   </marc:datafield>
   <marc:datafield ind1=" " ind2=" " tag="020">
      <marc:subfield code="a">9783552072480</marc:subfield>
      <marc:subfield code="9">9783552072480</marc:subfield>
   </marc:datafield>
</marc:record>
